000 00560nam a2200181Ia 4500
008 100917s9999 xx 000 0 und d
082 _b36435
100 _aआफळे अशोक
245 _aचतुर सुगंधा
260 _bइंद्रायर्णी साहित्य प्रकाशन
_c1975
300 _a32
365 _b1.2
520 _aबालविभाग
630 _aचतुर सुगंधा
650 _aबालविभाग
730 _aचतुर सुगंधा
942 _cBOOK
999 _c641829
_d641826